[Event "Sandefjord Caissa Spring Seniors"]
[Site "Sandefjord"]
[Date "2019.03.18"]
[Round "6"]
[White "Ringstad, Kjell"]
[Black "Brix, Jan"]
[Result "0-1"]
[WhiteElo "1461"]
[BlackElo "1667"]
[PlyCount "71"]
[EventDate "2019.01.21"]
[EventType "tourn"]
[EventRounds "7"]
[EventCountry "NOR"]
[SourceTitle "EXT 2024"]
[Source "ChessBase"]
[SourceDate "2023.10.10"]
[SourceVersion "1"]
[SourceVersionDate "2023.10.10"]
[SourceQuality "1"]

1. e4 e5 2. Nf3 Nc6 3. Bc4 Be7 4. a3 Nf6 5. d3 h6 6. 0-0 0-0 7. h3 d6 8. Be3 Na5 9. Ba2 c5 10. Nc3 Nc6 11. Nd5 Be6 12. Nxe7+ Qxe7 13. Re1 Rad8 14. Bd2 a5 15. c3 b5 16. b4 Bxa2 17. Rxa2 Qe6 18. Qc2 Rc8 19. bxa5 b4 20. axb4 cxb4 21. Qa4 bxc3 22. Bxc3 Nd7 23. Rb1 Nc5 24. Qc2 Na6 25. Qd2 Rb8 26. Rab2 Rxb2 27. Rxb2 Nc5 28. Qc2 Ra8 29. Rb5 Qd7 30. Qb1 Qc7 31. d4 Na4 32. Qa1 Nxd4 33. Nxd4 Nxc3 34. a6 Nxb5 35. Nxb5 Qb6 36. Qa3 0-1

[Event "Sandefjord op"]
[Site "Sandefjord"]
[Date "2005.04.10"]
[Round "4"]
[White "Brix, Jan"]
[Black "Tuft, Ole Richard"]
[Result "0-1"]
[WhiteElo "1438"]
[BlackElo "1640"]
[PlyCount "92"]
[EventDate "2005.04.09"]
[EventType "swiss"]
[EventRounds "5"]
[EventCountry "NOR"]
[SourceTitle "EXT 2008"]
[Source "ChessBase"]
[SourceDate "2007.11.25"]
[SourceVersion "1"]
[SourceVersionDate "2007.11.25"]
[SourceQuality "1"]

1. e4 c5 2. Nf3 e6 3. d4 cxd4 4. Nxd4 Nf6 5. Bg5 Be7 6. Nc3 a6 7. a3 d6 8. Bd3 Nc6 9. Nxc6 bxc6 10. 0-0 0-0 11. Be3 Qc7 12. f4 Bb7 13. Be2 Rad8 14. Na4 c5 15. Nc3 Nxe4 16. Nxe4 Bxe4 17. Bxa6 Qc6 18. Qe2 Bxc2 19. Rac1 Bb3 20. Rc3 Rb8 21. Bd3 d5 22. Bxh7+ Kxh7 23. Rxb3 Bf6 24. Qc2+ g6 25. Rxb8 Rxb8 26. Bc1 c4 27. f5 gxf5 28. Qd2 Bg7 29. Rf3 Qc5+ 30. Kh1 Kg8 31. Rg3 Kf8 32. Qg5 Qd4 33. Be3 Qxb2 34. h3 Rc8 35. Bc5+ Kg8 36. Be7 Kh7 37. Qh4+ Bh6 38. Bf6 Qc1+ 39. Kh2 Rg8 40. Rxg8 Kxg8 41. Be5 Qg5 42. Qf2 Qe3 43. Qg3+ Kh7 44. Qxe3 Bxe3 45. Kg3 d4 46. Kf3 c3 0-1

[Event "Vestfold KM op"]
[Site "Sandefjord"]
[Date "2004.04.25"]
[Round "4"]
[White "Nilson, Bjorn Lund"]
[Black "Brix, Jan"]
[Result "0-1"]
[WhiteElo "1538"]
[BlackElo "1412"]
[PlyCount "52"]
[EventDate "2004.04.??"]
[EventType "swiss"]
[EventRounds "5"]
[EventCountry "NOR"]
[SourceTitle "EXT 2006"]
[Source "ChessBase"]
[SourceDate "2005.11.24"]
[SourceVersion "1"]
[SourceVersionDate "2005.11.24"]
[SourceQuality "1"]

1. d4 Nf6 2. c4 e6 3. Nc3 d5 4. Bg5 Be7 5. e3 Nbd7 6. Nf3 0-0 7. Bd3 c5 8. Qc2 cxd4 9. exd4 dxc4 10. Bxc4 h6 11. h4 Qc7 12. Qd3 Rd8 13. Nb5 Qa5+ 14. Bd2 Bb4 15. Nc3 Nb6 16. Bb3 Bd7 17. 0-0 Bc6 18. a3 Bxc3 19. bxc3 Qh5 20. Bd1 Bb5 21. Qe3 Bxf1 22. Ne5 Qxh4 23. Kxf1 Qh1+ 24. Ke2 Qxg2 25. Bb3 Qe4 26. Rg1 Kf8 0-1

[Event "Vestfold KM op"]
[Site "Sandefjord"]
[Date "2004.04.24"]
[Round "2"]
[White "Brix, Jan"]
[Black "Krohn, Sverre Hoegh"]
[Result "0-1"]
[WhiteElo "1412"]
[BlackElo "1718"]
[PlyCount "90"]
[EventDate "2004.04.??"]
[EventType "swiss"]
[EventRounds "5"]
[EventCountry "NOR"]
[SourceTitle "EXT 2006"]
[Source "ChessBase"]
[SourceDate "2005.11.24"]
[SourceVersion "1"]
[SourceVersionDate "2005.11.24"]
[SourceQuality "1"]

1. e4 e5 2. Nf3 Nf6 3. d3 Nc6 4. g3 d5 5. exd5 Nxd5 6. Bg2 Bg4 7. 0-0 Qd7 8. Be3 0-0-0 9. a3 Nxe3 10. fxe3 Bc5 11. Qe1 f5 12. Kh1 Rhe8 13. Nc3 Re6 14. Ng5 Rh6 15. Bf3 Bxf3+ 16. Nxf3 Re8 17. b4 Bd6 18. Nb5 f4 19. Nxd6+ cxd6 20. Rg1 fxe3 21. Qxe3 Qh3 22. c4 Rf8 23. Ra2 Rhf6 24. Rf2 Qh5 25. Rgf1 Qf7 26. Ng5 Rxf2 27. Nxf7 Rxf1+ 28. Kg2 R1xf7 29. c5 dxc5 30. Qxc5 a6 31. a4 g5 32. b5 axb5 33. axb5 g4 34. bxc6 Rf2+ 35. Qxf2 Rxf2+ 36. Kxf2 bxc6 37. Ke3 Kd7 38. Ke4 Ke6 39. d4 exd4 40. Kxd4 Kf5 41. Kc5 Ke4 42. Kxc6 Kf3 43. Kd5 Kg2 44. Ke4 Kxh2 45. Kf4 Kh3 0-1

[Event "Sandefjord CC-ch"]
[Site "Sandefjord"]
[Date "2003.03.10"]
[Round "7"]
[White "Holmboe, Jan Raymond"]
[Black "Brix, Jan"]
[Result "1-0"]
[WhiteElo "1683"]
[BlackElo "1382"]
[PlyCount "47"]
[EventDate "2003.01.??"]
[EventType "swiss"]
[EventRounds "8"]
[EventCountry "NOR"]
[SourceTitle "EXT 2005"]
[Source "ChessBase"]
[SourceDate "2004.11.15"]
[SourceVersion "1"]
[SourceVersionDate "2004.11.15"]
[SourceQuality "1"]

1. e4 e5 2. Nf3 Nc6 3. Bb5 a6 4. Ba4 b5 5. Bb3 Na5 6. 0-0 d6 7. d4 Nxb3 8. axb3 exd4 9. Nxd4 Be7 10. Nxb5 Bb7 11. N5c3 Nf6 12. f3 0-0 13. Na3 h6 14. Nc4 c6 15. Bf4 d5 16. exd5 cxd5 17. Na5 Bc8 18. Kh1 Be6 19. Nc6 Qd7 20. Nxe7+ Qxe7 21. Re1 Rfd8 22. Qd4 g5 23. Bd2 Ne8 24. Nxd5 1-0